000
00290nam a22001097a 4500
008
230704b xxu||||| |||| 00| 0 eng d
082
_a
341.08
_b
FOL 1963
245
_a
Documents on International Affairs 1959
260
_b
Oxford University Press
_c
1963
300
_a
XVI,640p
942
_2
ddc
_c
BK
999
_c
3687
_d
3687